| 000 | 00457nam a22001577a 4500 | ||
|---|---|---|---|
| 005 | 20250205164633.0 | ||
| 008 | 250205b |||||||| |||| 00| 0 eng d | ||
| 020 | _a9780940780491 | ||
| 050 |
_aQR67 _b.G56 |
||
| 100 | _aGladwin, Mark | ||
| 245 |
_aClinical Microbiology Made Ridiculously Simple/ _cMark Gladwin, Bill Trattler |
||
| 260 |
_aMiami _bMedMaster, Inc. _c2004 |
||
| 300 |
_avii. 281p. _bill. _c28cm |
||
| 700 | _aTrattler, Bill | ||
| 942 |
_2lcc _cBK _n0 |
||
| 999 |
_c3459 _d3459 |
||